00716cam a2200241 a 4500001000800000005001700008008004100025010001700066020002200083040002300105041000800128060001700136080001100153082001500164100000600179101000800185245007400193504003200267906004500299942001200344999001700356952010100373380590820180822073456.0850910s1986 au a b 001 0 eng c a 85022260  a0387818782 (U.S.) aDNLM/DLCcDLCdDLC aeng aWL 368 B742s a617.4800a617.482191 a7 aNEU10aStereotactic techniques in clinical neurosurgery /cD. Andries Bosch. aBibliography: p. [250]-272. a7bcbccorignewd1eocipf19gy-gencatlg 2ddccBK c47255d47255 00102ddc4070a002b002d2018-08-22l0o617.48 bosp002-3011315r2018-08-22w2018-08-22yBK